000 00304nam a2200121Ia 4500
008 240731s9999 xx 000 0 und d
022 _a2158-0812
245 4 _aThe Irish Journal of Psychology
260 _bRoutledge
856 _uhttps://www.tandfonline.com/loi/riri20
942 _2ddc
942 _cTFEJ
999 _c79954
_d79954
945 _a1
_bMadushi Gamage
_c1
_dMadushi Gamage